Do predaja vložili odbornosť

Na Slovensku nie sú špecializované predajne bežnou záležitosťou. Ambície prelomiť ľady má špecializovaná predajňa syrov Cheesy v Bratislave.

Saved in:
Bibliographic Details
Main Author: Košťál, Daniel
Format: Book Chapter
Language:Slovak
Subjects:
Tags: Add Tag
No Tags, Be the first to tag this record!

MARC

LEADER 00000naa$a2200000$$$4500
001 0107013
005 20231128094128.3
041 0 |a slo 
044 |a SK 
245 1 0 |a Do predaja vložili odbornosť  |c Daniel Košťál 
520 |a Na Slovensku nie sú špecializované predajne bežnou záležitosťou. Ambície prelomiť ľady má špecializovaná predajňa syrov Cheesy v Bratislave. 
610 2 0 |a obchod špeciálny 
610 2 0 |a predajne 
610 2 0 |a Slovensko 
100 1 |a Košťál, Daniel